<?xml version="1.0" encoding="UTF-8"?><?xml-stylesheet type="text/xsl" href="static/style.xsl"?><OAI-PMH xmlns="http://www.openarchives.org/OAI/2.0/" xmlns:xsi="http://www.w3.org/2001/XMLSchema-instance" xsi:schemaLocation="http://www.openarchives.org/OAI/2.0/ http://www.openarchives.org/OAI/2.0/OAI-PMH.xsd"><responseDate>2026-04-29T02:37:48Z</responseDate><request verb="GetRecord" identifier="oai:repisalud.isciii.es:20.500.12105/13842" metadataPrefix="marc">https://repisalud.isciii.es/rest/oai/request</request><GetRecord><record><header><identifier>oai:repisalud.isciii.es:20.500.12105/13842</identifier><datestamp>2024-09-27T17:41:01Z</datestamp><setSpec>com_20.500.12105_2052</setSpec><setSpec>com_20.500.12105_2051</setSpec><setSpec>col_20.500.12105_19608</setSpec></header><metadata><record xmlns="http://www.loc.gov/MARC21/slim" xmlns:dcterms="http://purl.org/dc/terms/" xmlns:doc="http://www.lyncode.com/xoai" xmlns:xsi="http://www.w3.org/2001/XMLSchema-instance" xsi:schemaLocation="http://www.loc.gov/MARC21/slim http://www.loc.gov/standards/marcxml/schema/MARC21slim.xsd">
   <leader>00925njm 22002777a 4500</leader>
   <datafield ind2=" " ind1=" " tag="042">
      <subfield code="a">dc</subfield>
   </datafield>
   <datafield ind2=" " ind1=" " tag="720">
      <subfield code="a">de Sá, Joao</subfield>
      <subfield code="e">author</subfield>
   </datafield>
   <datafield ind2=" " ind1=" " tag="720">
      <subfield code="a">Alcalde-Cabero, Enrique</subfield>
      <subfield code="e">author</subfield>
   </datafield>
   <datafield ind2=" " ind1=" " tag="720">
      <subfield code="a">Almazan-Isla, Javier</subfield>
      <subfield code="e">author</subfield>
   </datafield>
   <datafield ind2=" " ind1=" " tag="720">
      <subfield code="a">Garcia Lopez, Fernando Jose</subfield>
      <subfield code="e">author</subfield>
   </datafield>
   <datafield ind2=" " ind1=" " tag="720">
      <subfield code="a">Pedro-Cuesta, Jesus de</subfield>
      <subfield code="e">author</subfield>
   </datafield>
   <datafield ind2=" " ind1=" " tag="260">
      <subfield code="c">2014-12</subfield>
   </datafield>
   <datafield ind2=" " ind1=" " tag="520">
      <subfield code="a">Background: are few, recent, well assessed, multiple sclerosis (MS) incidence surveys on European populations. This study sought to measure MS incidence in a Northern Lisbon population and assess it using capture-recapture methods (CRMs). Methods: Among the population residing in the Northern Lisbon Health Area, registered MS diagnoses were obtained from general practitioners in three primary-care districts covering a population of 196,300, and a neurology unit at the main referral hospital. Cases with onset during the periods 1978-1997 and 2008-2012 were excluded due to perceived poor access to image-supported neurological diagnosis and administrative changes in patient referral respectively. Age- and sex-specific incidences for the period 1998-2007 were calculated using McDonald diagnostic criteria, and CRMs were used to correct age-specific incidence rates. The corrected figures were also adjusted for age using the European Standard Population as reference. Results: When applied to 62 MS patients with onset in the period 1998-2007, the rates per 100,000 population were as follows for both sexes: crude, 3.16; age-adjusted, 3.09 (95% CI 2.32 to 3.87); CRM-adjusted, 4.53 (95% CI 3.13 to 5.94); and age- and CRM-adjusted, 4.48 (3.54-5.41). In general, the rates were 3-fold higher among women than among men. Negative source dependency and CRM impact were highest at ages 35-44 years, where a 60% rise led to a peak incidence. Conclusions: MS incidence in Northern Lisbon, Portugal, is moderately lower than that yielded by surveys on European populations. CRMs, which in this instance suggest undercounts, are a potentially useful tool for case-finding assessment but their application may introduce bias.</subfield>
   </datafield>
   <datafield ind1="8" ind2=" " tag="024">
      <subfield code="a">BMC Neurol. 2014 Dec 21;14:249.</subfield>
   </datafield>
   <datafield ind1="8" ind2=" " tag="024">
      <subfield code="a">http://hdl.handle.net/20.500.12105/13842</subfield>
   </datafield>
   <datafield ind1="8" ind2=" " tag="024">
      <subfield code="a">25528357</subfield>
   </datafield>
   <datafield ind1="8" ind2=" " tag="024">
      <subfield code="a">10.1186/s12883-014-0249-1</subfield>
   </datafield>
   <datafield ind1="8" ind2=" " tag="024">
      <subfield code="a">1471-2377</subfield>
   </datafield>
   <datafield ind1="8" ind2=" " tag="024">
      <subfield code="a">BMC Neurology</subfield>
   </datafield>
   <datafield tag="653" ind2=" " ind1=" ">
      <subfield code="a">Capture-recapture</subfield>
   </datafield>
   <datafield tag="653" ind2=" " ind1=" ">
      <subfield code="a">Epidemiology</subfield>
   </datafield>
   <datafield tag="653" ind2=" " ind1=" ">
      <subfield code="a">Methods</subfield>
   </datafield>
   <datafield tag="653" ind2=" " ind1=" ">
      <subfield code="a">Multiple sclerosis</subfield>
   </datafield>
   <datafield tag="653" ind2=" " ind1=" ">
      <subfield code="a">Public health</subfield>
   </datafield>
   <datafield ind2="0" ind1="0" tag="245">
      <subfield code="a">Incidence of multiple sclerosis in Northern Lisbon, Portugal: 1998-2007</subfield>
   </datafield>
</record></metadata></record></GetRecord></OAI-PMH>